Najczęstsze wakacyjne kierunki polaków - Statystyki

Ogólne statystyki
  • Ten quiz został rozwiązany 693 razy
  • Średni wynik to 8 z 14
Statystyki odpowiedzi
Odpowiedź % Poprawnych
Hiszpania
96%
Włochy
92%
Chorwacja
90%
Francja
84%
Turcja
84%
Egipt
80%
Bułgaria
71%
Tunezja
54%
Albania
51%
Cypr
40%
Tajlandia
32%
Izrael
28%
Macedonia
18%
Tanzania
15%
Nie znaleziono quizów pasujących do podanych kryteriów
Rozkład punktacji
Procent ludzi z każdym wynikiem
Percentyl według liczby udzielonych odpowiedzi
Twoja historia wyników
Nie rozwiązałeś tego quizu